[Event "GER-chT U16"]
[Site "Willingen"]
[Date "2021.06.27"]
[Round "7.4"]
[White "Breitzmann, Sander"]
[Black "Kolzenburg, Jan Niklas"]
[Result "1-0"]
[WhiteElo "1821"]
[BlackElo "1671"]
[PlyCount "69"]
[EventDate "2021.06.23"]
[EventType "team-swiss"]
[EventRounds "7"]
[EventCountry "GER"]
[SourceTitle "CBM 203 Extra"]
[Source "ChessBase"]
[SourceDate "2021.09.30"]
[SourceVersion "1"]
[SourceVersionDate "2021.09.30"]
[SourceQuality "1"]
[WhiteTeam "Berlin Empor"]
[BlackTeam "Neuberg"]
[WhiteTeamCountry "GER"]
[BlackTeamCountry "GER"]

1. e4 e5 2. Nf3 Nc6 3. Bc4 Bc5 4. d3 Nf6 5. Bb3 d6 6. c3 a6 7. Nbd2 Ba7 8. h3 h6 9. Nf1 Qe7 10. g4 g5 11. Ng3 Rg8 12. Nf5 Bxf5 13. gxf5 g4 14. Ng1 g3 15. Be3 gxf2+ 16. Bxf2 Bxf2+ 17. Kxf2 0-0-0 18. Qf3 d5 19. Ke2 dxe4 20. dxe4 Rg7 21. Rd1 Rdg8 22. Kf1 Rg3 23. Qe2 Qc5 24. Nf3 Nh5 25. Qf2 Qxf2+ 26. Kxf2 Rg2+ 27. Kf1 R8g7 28. Bxf7 Nf4 29. Bd5 Rxb2 30. Rh2 Rxh2 31. Nxh2 Nxd5 32. Rxd5 Rf7 33. Ng4 h5 34. Nxe5 Re7 35. f6 1-0

[Event "GER-chT U16"]
[Site "Willingen"]
[Date "2021.06.26"]
[Round "6.5"]
[White "Tenbosch, Till Theo"]
[Black "Breitzmann, Sander"]
[Result "0-1"]
[WhiteElo "1307"]
[BlackElo "1821"]
[PlyCount "86"]
[EventDate "2021.06.23"]
[EventType "team-swiss"]
[EventRounds "7"]
[EventCountry "GER"]
[SourceTitle "CBM 203 Extra"]
[Source "ChessBase"]
[SourceDate "2021.09.30"]
[SourceVersion "1"]
[SourceVersionDate "2021.09.30"]
[SourceQuality "1"]
[WhiteTeam "Muenster 32"]
[BlackTeam "Berlin Empor"]
[WhiteTeamCountry "GER"]
[BlackTeamCountry "GER"]

1. d4 Nf6 2. Nc3 d5 3. Bf4 c5 4. e3 Nc6 5. Nb5 e5 6. dxe5 Ng4 7. Qxd5 Qxd5 8. Nc7+ Kd8 9. Nxd5 Ngxe5 10. Bb5 Bf5 11. 0-0-0 Kc8 12. Bxc6 Nxc6 13. Nc7 Rb8 14. Ne8 Ra8 15. Nc7 Rb8 16. a3 b6 17. Ne2 Rb7 18. Nb5 a6 19. Nd6+ Bxd6 20. Bxd6 Re8 21. h3 Ne5 22. Rd5 Nc4 23. Rxf5 Nxd6 24. Rd5 Ne4 25. f3 Nf6 26. Rd3 Nd7 27. e4 Ne5 28. Rd5 Nc4 29. Rg1 Rd7 30. Nf4 Rxd5 31. Nxd5 Kb7 32. Re1 f5 33. Nc3 Kc6 34. a4 b5 35. b3 Nd6 36. axb5+ axb5 37. e5 f4 38. Kd1 Nf5 39. Ne2 g5 40. Kd2 b4 41. g4 Ne3 42. Ra1 Rd8+ 43. Ke1 Nxc2+ 0-1

[Event "GER-chT U16"]
[Site "Willingen"]
[Date "2021.06.25"]
[Round "3.5"]
[White "Von Rosen, Jakob"]
[Black "Breitzmann, Sander"]
[Result "0-1"]
[WhiteElo "1722"]
[BlackElo "1821"]
[PlyCount "74"]
[EventDate "2021.06.23"]
[EventType "team-swiss"]
[EventRounds "7"]
[EventCountry "GER"]
[SourceTitle "CBM 203 Extra"]
[Source "ChessBase"]
[SourceDate "2021.09.30"]
[SourceVersion "1"]
[SourceVersionDate "2021.09.30"]
[SourceQuality "1"]
[WhiteTeam "Blankenese"]
[BlackTeam "Berlin Empor"]
[WhiteTeamCountry "GER"]
[BlackTeamCountry "GER"]

1. e4 e5 2. Nf3 Nc6 3. Bc4 Bc5 4. 0-0 Nf6 5. d3 d6 6. c3 a6 7. Bb3 Ba7 8. Nbd2 0-0 9. Re1 Ng4 10. Re2 Kh8 11. h3 Nh6 12. Nf1 f5 13. Bxh6 gxh6 14. d4 Qf6 15. dxe5 dxe5 16. Bd5 Ne7 17. exf5 Rd8 18. Rxe5 c6 19. Ne3 Bxe3 20. fxe3 Rxd5 21. Rxd5 cxd5 22. g4 Bd7 23. Qb3 Bc6 24. Nd4 Qe5 25. Nxc6 Qxe3+ 26. Kh2 bxc6 27. Qb7 Re8 28. Rf1 Qe5+ 29. Kg2 Rb8 30. Qd7 Rxb2+ 31. Rf2 Qe4+ 32. Kg3 Qe3+ 33. Rf3 Qe1+ 34. Kf4 Re2 35. Qd8+ Ng8 36. f6 Qd2+ 37. Kg3 Rg2+ 0-1

[Event "GER-chT School WK 2"]
[Site "Playchess.com INT"]
[Date "2020.06.08"]
[Round "3.1"]
[White "Breitzmann, Sander"]
[Black "Kartsev, Nikolaj"]
[Result "1-0"]
[WhiteElo "1833"]
[BlackElo "1923"]
[PlyCount "129"]
[EventDate "2020.06.08"]
[EventType "team-swiss (blitz)"]
[EventRounds "7"]
[EventCountry "GER"]
[SourceTitle "EXT 2021"]
[Source "ChessBase"]
[SourceDate "2020.10.23"]
[SourceVersion "1"]
[SourceVersionDate "2020.10.23"]
[SourceQuality "1"]
[WhiteTeam "Berlin Kollwith Gymn"]
[BlackTeam "Bad Krozingen Max Planck"]
[WhiteTeamCountry "GER"]
[BlackTeamCountry "GER"]

1. e4 c5 2. Nf3 d6 3. d4 cxd4 4. Qxd4 a6 5. c4 Nf6 6. h3 g6 7. Nc3 Bg7 8. Qe3 Nc6 9. Be2 0-0 10. 0-0 Be6 11. Rd1 Nd7 12. Rb1 Qa5 13. Nd5 Rac8 14. Bd2 Qc5 15. b4 Qxe3 16. Bxe3 Nf6 17. Nd4 Nxd5 18. exd5 Nxd4 19. Bxd4 Bxd4 20. Rxd4 Bd7 21. Bf3 b5 22. Rc1 bxc4 23. Rdxc4 Rxc4 24. Rxc4 Rc8 25. Rxc8+ Bxc8 26. Be2 Bb7 27. a4 Kg7 28. Bc4 Kf6 29. f4 g5 30. fxg5+ Kxg5 31. Bd3 h6 32. Kf2 Kf4 33. g4 Ke5 34. Ke3 Kxd5 35. Be4+ Kc4 36. Bxb7 Kxb4 37. Bxa6 Kxa4 38. Kd4 Kb4 39. h4 e6 40. g5 hxg5 41. hxg5 Ka5 42. Bc4 Kb6 43. Bxe6 Kc7 44. Bxf7 Kd7 45. Kd5 Ke7 46. g6 Kf6 47. Kxd6 Kg7 48. Ke7 Kh8 49. Ke6 Kg7 50. Kf5 Kh8 51. Bc4 Kg7 52. Kg5 Kh8 53. Bd3 Kg7 54. Be4 Kh8 55. Kh6 Kg8 56. g7 Kf7 57. Bd5+ Kf6 58. g8Q Ke5 59. Qe6+ Kd4 60. Ba8 Kc3 61. Qe4 Kb2 62. Qd3 Ka1 63. Qd2 Kb1 64. Bd5 Ka1 65. Qa2# 1-0

[Event "Oberliga Nord O 1920"]
[Site "Germany"]
[Date "2019.10.20"]
[Round "2.8"]
[White "Hausmann, Ulrich"]
[Black "Breitzmann, Sander"]
[Result "1-0"]
[WhiteElo "1797"]
[BlackElo "1844"]
[PlyCount "75"]
[EventDate "2019.09.29"]
[EventType "team-tourn"]
[EventRounds "9"]
[EventCountry "GER"]
[SourceTitle "CBM 195 Extra"]
[Source "ChessBase"]
[SourceDate "2020.05.31"]
[SourceVersion "1"]
[SourceVersionDate "2020.05.31"]
[SourceQuality "1"]

1. f4 g6 2. Nf3 Bg7 3. e3 c5 4. c3 d5 5. d4 Nc6 6. Be2 Bf5 7. 0-0 Nf6 8. Ne5 0-0 9. Bd3 Bxd3 10. Qxd3 Ne4 11. Nd2 f5 12. Nxe4 fxe4 13. Qb5 Bxe5 14. fxe5 Rxf1+ 15. Kxf1 cxd4 16. cxd4 Qd7 17. Bd2 Rf8+ 18. Kg1 a6 19. Qe2 Qc7 20. Rf1 Rxf1+ 21. Qxf1 Qb6 22. Bc3 Na5 23. e6 Qxe6 24. Bxa5 Qc6 25. Bc3 b5 26. a3 Qb6 27. Qe1 h5 28. Qg3 a5 29. Qe1 a4 30. Qg3 Qc6 31. h3 e6 32. Bb4 g5 33. Qb8+ Kh7 34. Qc7+ Kg8 35. Qd8+ Kh7 36. Qe7+ Kg8 37. h4 g4 38. Bd6 1-0

[Event "Rostock SSC op 17th"]
[Site "Rostock"]
[Date "2018.07.12"]
[Round "3.16"]
[White "Wulf, Doris"]
[Black "Breitzmann, Sander"]
[Result "0-1"]
[WhiteElo "1434"]
[BlackElo "1781"]
[PlyCount "114"]
[EventDate "2018.07.11"]
[EventType "swiss"]
[EventRounds "7"]
[EventCountry "GER"]
[SourceTitle "EXT 2019"]
[Source "ChessBase"]
[SourceDate "2018.10.10"]
[SourceVersion "1"]
[SourceVersionDate "2018.10.10"]
[SourceQuality "1"]

1. e4 e5 2. Nf3 Nc6 3. d4 exd4 4. Nxd4 Bc5 5. Be3 Qf6 6. c3 Nge7 7. Qf3 Nxd4 8. Qxf6 Nc2+ 9. Kd2 Bxe3+ 10. fxe3 gxf6 11. Kxc2 f5 12. Nd2 fxe4 13. Nxe4 d5 14. Nf6+ Kf8 15. Rd1 Bf5+ 16. Kc1 c6 17. g4 Bg6 18. h4 Kg7 19. Nd7 Rad8 20. Nc5 b6 21. Nd3 h5 22. gxh5 Bxh5 23. Re1 Ng6 24. Nf4 Rde8 25. Bd3 Ne5 26. Reg1+ Kf6 27. Nxh5+ Rxh5 28. Rf1+ Ke6 29. Be2 Rh6 30. h5 Kd6 31. b3 b5 32. Kd2 Re7 33. Rf5 Nd7 34. Rhf1 f6 35. R5f2 Rg7 36. Rh1 Rg5 37. Rff1 Nc5 38. Rfg1 Ne4+ 39. Kd3 Nf2+ 40. Kd2 Nxh1 41. Rxh1 Ke5 42. Rh4 a6 43. a4 Rg2 44. Kd3 c5 45. axb5 axb5 46. Kd2 c4 47. bxc4 bxc4 48. Ke1 Rg1+ 49. Bf1 f5 50. Kf2 Rg4 51. Rh3 Rg7 52. Be2 Ra7 53. Rh1 Ra3 54. Rc1 Ra2 55. Rd1 Rxh5 56. Ke1 Rh1+ 57. Bf1 Ke4 0-1

[Event "Rostock SSC op 17th"]
[Site "Rostock"]
[Date "2018.07.11"]
[Round "1.24"]
[White "Mueller, Rosemarie"]
[Black "Breitzmann, Sander"]
[Result "0-1"]
[WhiteElo "1041"]
[BlackElo "1781"]
[PlyCount "84"]
[EventDate "2018.07.11"]
[EventType "swiss"]
[EventRounds "7"]
[EventCountry "GER"]
[SourceTitle "EXT 2019"]
[Source "ChessBase"]
[SourceDate "2018.10.10"]
[SourceVersion "1"]
[SourceVersionDate "2018.10.10"]
[SourceQuality "1"]

1. e4 e5 2. Bc4 Nc6 3. c3 Nf6 4. d3 Bc5 5. Nf3 0-0 6. Bg5 h6 7. Bh4 a6 8. a4 d6 9. h3 Ba7 10. 0-0 Be6 11. Ba2 g5 12. Bg3 Nh5 13. Bh2 Nf4 14. Bxf4 gxf4 15. Bxe6 fxe6 16. Nh2 Kh7 17. Qh5 Qg5 18. Qxg5 hxg5 19. Nf3 Rg8 20. Nbd2 d5 21. h4 gxh4 22. Nxh4 Rg4 23. Ndf3 Rag8 24. Rad1 Kh6 25. exd5 exd5 26. Nf5+ Kh5 27. Kh1 Rxg2 28. N5h4 Rxf2 29. Rg1 Rxg1+ 30. Rxg1 Rxf3 31. Nxf3 Bxg1 32. Kxg1 e4 33. dxe4 dxe4 34. Nd2 e3 35. Nf3 Kg4 36. Kg2 Kf5 37. Kf1 Ne5 38. Nd4+ Ke4 39. Ke1 f3 40. Nc2 Nd3+ 41. Kf1 e2+ 42. Kg1 f2+ 0-1

[Event "GER-ch U14"]
[Site "Willingen"]
[Date "2018.05.23"]
[Round "6"]
[White "Breitzmann, Sander"]
[Black "Klaas, Heiko"]
[Result "1-0"]
[WhiteElo "1852"]
[BlackElo "1897"]
[PlyCount "57"]
[EventDate "2018.05.19"]
[EventType "swiss"]
[EventRounds "9"]
[EventCountry "GER"]
[SourceTitle "CBM 184 Extra"]
[Source "ChessBase"]
[SourceDate "2018.06.28"]
[SourceVersion "1"]
[SourceVersionDate "2018.06.28"]
[SourceQuality "1"]

1. e4 e5 2. Nf3 Nc6 3. Bc4 Bc5 4. c3 Nf6 5. d3 0-0 6. Bb3 d5 7. Nbd2 Bg4 8. Qe2 Re8 9. h3 Bh5 10. Nf1 Qd7 11. Ng3 Bg6 12. Bg5 dxe4 13. dxe4 Qe7 14. Nh4 Rad8 15. Ngf5 Qd7 16. Rd1 Qc8 17. 0-0 Ne7 18. Nh6+ gxh6 19. Bxf6 Rxd1 20. Rxd1 Rd8 21. Rxd8+ Qxd8 22. Nxg6 hxg6 23. Qc4 Bxf2+ 24. Kxf2 Qd2+ 25. Qe2 Qf4+ 26. Qf3 Qd2+ 27. Kg1 Nc6 28. Bxf7+ Kf8 29. Bxg6 1-0

[Event "GER-ch U14"]
[Site "Willingen"]
[Date "2018.05.20"]
[Round "2"]
[White "Fromm, Marius"]
[Black "Breitzmann, Sander"]
[Result "1-0"]
[WhiteElo "1974"]
[BlackElo "1852"]
[PlyCount "115"]
[EventDate "2018.05.19"]
[EventType "swiss"]
[EventRounds "9"]
[EventCountry "GER"]
[SourceTitle "CBM 184 Extra"]
[Source "ChessBase"]
[SourceDate "2018.06.28"]
[SourceVersion "1"]
[SourceVersionDate "2018.06.28"]
[SourceQuality "1"]

1. Nf3 c5 2. c4 Nc6 3. Nc3 g6 4. g3 Bg7 5. Bg2 e6 6. d3 Nge7 7. Bg5 h6 8. Bd2 0-0 9. Qc1 Kh7 10. a3 d6 11. Rb1 b6 12. b4 Bb7 13. b5 Na5 14. Na4 Rb8 15. 0-0 Bxf3 16. Bxf3 Nb7 17. Nc3 Qd7 18. Qc2 Rbe8 19. a4 d5 20. Rfd1 d4 21. Na2 f5 22. Nc1 e5 23. a5 Nd6 24. Bg2 Qe6 25. axb6 axb6 26. Ra1 e4 27. Ra6 Rb8 28. Bf4 e3 29. fxe3 dxe3 30. Nb3 g5 31. Nxc5 Qg6 32. Bxd6 Qxd6 33. Nb3 Bd4 34. Nxd4 Qxd4 35. Ra7 Rf7 36. Qa2 Rbf8 37. Qa1 Qg4 38. Bf3 Qh3 39. Qe5 g4 40. Bg2 Ng6 41. Rxf7+ Rxf7 42. Qe8 Rf8 43. Qxf8 Nxf8 44. Bxh3 gxh3 45. c5 bxc5 46. b6 Nd7 47. b7 Kg6 48. Rb1 Nb8 49. Ra1 h5 50. Ra8 Nc6 51. b8Q Nxb8 52. Rxb8 h4 53. gxh4 f4 54. Rc8 Kh5 55. Rxc5+ Kxh4 56. d4 Kg4 57. d5 f3 58. Rc4+ 1-0

[Event "GER-chT U12"]
[Site "Magdeburg"]
[Date "2016.12.29"]
[Round "6.1"]
[White "Breitzmann, Sander"]
[Black "Franke, Josef"]
[Result "1-0"]
[WhiteElo "1823"]
[BlackElo "1034"]
[PlyCount "57"]
[EventDate "2016.12.27"]
[EventType "team-swiss"]
[EventRounds "7"]
[EventCountry "GER"]
[SourceTitle "EXT 2018"]
[Source "ChessBase"]
[SourceDate "2017.10.13"]
[SourceVersion "1"]
[SourceVersionDate "2017.10.13"]
[SourceQuality "1"]
[WhiteTeam "Berlin Empor"]
[BlackTeam "Neumarkt"]
[WhiteTeamCountry "GER"]
[BlackTeamCountry "GER"]

1. e4 e5 2. Nf3 Nc6 3. Bb5 d6 4. 0-0 Nf6 5. Re1 Be7 6. c3 a6 7. Ba4 b5 8. Bb3 0-0 9. d3 Bg4 10. Nbd2 Na5 11. Bc2 c6 12. h3 Bh5 13. Nf1 h6 14. Ng3 Qb6 15. Nf5 Rae8 16. Be3 c5 17. g4 Bg6 18. N3h4 Bh7 19. Qf3 Qc7 20. Nxe7+ Qxe7 21. Qg3 d5 22. Nf5 Bxf5 23. gxf5 d4 24. Bxh6 Nh5 25. Qg4 f6 26. cxd4 cxd4 27. Bd2 Nc6 28. Bb3+ Kh8 29. Qxh5# 1-0

[Event "GER-chT U12"]
[Site "Magdeburg"]
[Date "2016.12.29"]
[Round "5.1"]
[White "Breitzmann, Sander"]
[Black "Marschall, Tillmann"]
[Result "1-0"]
[WhiteElo "1823"]
[BlackElo "1678"]
[PlyCount "103"]
[EventDate "2016.12.27"]
[EventType "team-swiss"]
[EventRounds "7"]
[EventCountry "GER"]
[SourceTitle "EXT 2018"]
[Source "ChessBase"]
[SourceDate "2017.10.13"]
[SourceVersion "1"]
[SourceVersionDate "2017.10.13"]
[SourceQuality "1"]
[WhiteTeam "Berlin Empor"]
[BlackTeam "Trier SG"]
[WhiteTeamCountry "GER"]
[BlackTeamCountry "GER"]

1. e4 c6 2. d4 d5 3. Nc3 dxe4 4. Nxe4 Bf5 5. Ng3 Bg6 6. h4 h6 7. Nf3 Nd7 8. h5 Bh7 9. Bd3 Bxd3 10. Qxd3 Qc7 11. Bd2 Ngf6 12. 0-0-0 e6 13. Ne4 Nxe4 14. Qxe4 Nf6 15. Qe2 Bd6 16. g3 0-0-0 17. c4 c5 18. Bc3 cxd4 19. Nxd4 a6 20. Rd2 Rd7 21. Rhd1 Rhd8 22. Kb1 Kb8 23. b4 Rc8 24. c5 Nd5 25. Bb2 Be7 26. Nxe6 fxe6 27. Be5 Nc3+ 28. Bxc3 Rxd2 29. Rxd2 Bf6 30. Bxf6 gxf6 31. Qxe6 Rd8 32. Rxd8+ Qxd8 33. Qd6+ Qxd6 34. cxd6 Kc8 35. Kc2 Kd7 36. Kd3 Kxd6 37. Kd4 f5 38. f4 b6 39. Kc4 Kc6 40. b5+ axb5+ 41. Kb4 Kc7 42. Kxb5 Kb7 43. Kc4 Kc6 44. Kd4 Kd6 45. a4 Ke6 46. Ke3 Kd5 47. Kf3 Kc4 48. g4 fxg4+ 49. Kxg4 Kb4 50. f5 Kxa4 51. f6 b5 52. f7 1-0

[Event "GER-chT U12"]
[Site "Magdeburg"]
[Date "2016.12.27"]
[Round "1.1"]
[White "Pahl, Erik"]
[Black "Breitzmann, Sander"]
[Result "1/2-1/2"]
[WhiteElo "1654"]
[BlackElo "1823"]
[PlyCount "130"]
[EventDate "2016.12.27"]
[EventType "team-swiss"]
[EventRounds "7"]
[EventCountry "GER"]
[SourceTitle "EXT 2018"]
[Source "ChessBase"]
[SourceDate "2017.10.13"]
[SourceVersion "1"]
[SourceVersionDate "2017.10.13"]
[SourceQuality "1"]
[WhiteTeam "Delmenhorst"]
[BlackTeam "Berlin Empor"]
[WhiteTeamCountry "GER"]
[BlackTeamCountry "GER"]

1. e4 e5 2. Nf3 Nc6 3. Bb5 a6 4. Ba4 Nf6 5. 0-0 d6 6. d3 b5 7. Bb3 Be7 8. c3 Na5 9. Bc2 c5 10. Re1 0-0 11. Nbd2 Nc6 12. Nf1 Re8 13. h3 Bf8 14. Ne3 g6 15. Nh2 Bg7 16. Nhg4 Nh5 17. Nd5 f5 18. exf5 gxf5 19. Nh6+ Bxh6 20. Bxh6 Qh4 21. Qxh5 Qxh5 22. Nf6+ Kf7 23. Nxh5 Kg6 24. Ng7 Re7 25. Nxf5 Bxf5 26. Bd2 Rg8 27. Kf1 d5 28. g4 Bd7 29. d4+ Kg7 30. dxc5 h5 31. Bg5 Ree8 32. gxh5 Bxh3+ 33. Kg1 Kf8 34. Bg6 Bf5 35. Bh6+ Ke7 36. Bg5+ Kf8 37. Kf1 Bxg6 38. hxg6 Rxg6 39. Be3 Kf7 40. Rad1 d4 41. cxd4 exd4 42. Bf4 Reg8 43. Bg3 Rg5 44. Rc1 Rd5 45. Ke2 Rgg5 46. Bd6 Rgf5 47. Rh1 d3+ 48. Ke3 Rf6 49. Rh4 a5 50. a3 a4 51. Rd1 Na5 52. Rxd3 Nc4+ 53. Rxc4 Rf3+ 54. Kxf3 Rxd3+ 55. Ke4 bxc4 56. Be5 Ke6 57. f4 Rd1 58. f5+ Ke7 59. Bd4 Rf1 60. f6+ Ke6 61. Bc3 Rf5 62. Bb4 Rxf6 63. c6 Rf2 64. Kd4 Rxb2 65. Kxc4 Rc2+ 1/2-1/2

[Event "Rostock SSC 07 op 15th"]
[Site "Rostock"]
[Date "2016.07.29"]
[Round "5"]
[White "Breitzmann, Sander"]
[Black "Just, Wolfgang"]
[Result "1/2-1/2"]
[WhiteElo "1558"]
[BlackElo "2123"]
[PlyCount "150"]
[EventDate "2016.07.27"]
[EventType "swiss"]
[EventRounds "7"]
[EventCountry "GER"]
[SourceTitle "EXT 2017"]
[Source "ChessBase"]
[SourceDate "2016.10.25"]
[SourceVersion "1"]
[SourceVersionDate "2016.10.25"]
[SourceQuality "1"]

1. e4 e6 2. d4 d5 3. Nc3 Bb4 4. exd5 exd5 5. Bd3 Nc6 6. a3 Ba5 7. Nge2 Nf6 8. h3 Be6 9. 0-0 Qd7 10. Be3 0-0-0 11. Na4 Bb6 12. Nxb6+ axb6 13. Nf4 Bf5 14. Bxf5 Qxf5 15. Qd3 Qxd3 16. Nxd3 Rhe8 17. c3 Rd6 18. Bf4 Rde6 19. Rfe1 Nh5 20. Rxe6 Rxe6 21. Bd2 Nf6 22. f3 h6 23. Kf2 Kd7 24. Re1 Na5 25. Rxe6 Kxe6 26. Bf4 Ne8 27. b4 Nc4 28. a4 g5 29. Bc1 Ned6 30. g4 f5 31. Kg3 Kf6 32. Nf2 Kg6 33. Kg2 h5 34. Kg3 hxg4 35. hxg4 f4+ 36. Kg2 Nf7 37. Kf1 Nd8 38. Ke2 Ne6 39. Kd3 Kf7 40. Nd1 Ke7 41. Nb2 Nxb2+ 42. Bxb2 Kd6 43. Ba3 c6 44. Bb2 Nc7 45. Ba3 Ke6 46. Bb2 Ne8 47. Kc2 Nd6 48. Kd3 Nc4 49. Bc1 Kd6 50. Ke2 c5 51. Kd3 Kc6 52. Ke2 Kc7 53. Kd3 Kd6 54. Ke2 Kc6 55. Kd3 Nd6 56. Ba3 c4+ 57. Ke2 b5 58. a5 Nc8 59. Bc1 Ne7 60. Bd2 Ng6 61. Be1 b6 62. a6 Kc7 63. a7 Kb7 64. a8Q+ Kxa8 65. Bf2 Kb7 66. Be1 Kc6 67. Bf2 Kd6 68. Kd2 Ke6 69. Ke2 Ne7 70. Kf1 Nc8 71. Ke2 Nd6 72. Kf1 Nb7 73. Ke2 Kd6 74. Kd2 Kc6 75. Kc2 Nd6 1/2-1/2

[Event "Rostock SSC 07 op 15th"]
[Site "Rostock"]
[Date "2016.07.29"]
[Round "4"]
[White "Luther, Alexander"]
[Black "Breitzmann, Sander"]
[Result "0-1"]
[WhiteElo "2012"]
[BlackElo "1558"]
[PlyCount "48"]
[EventDate "2016.07.27"]
[EventType "swiss"]
[EventRounds "7"]
[EventCountry "GER"]
[SourceTitle "EXT 2017"]
[Source "ChessBase"]
[SourceDate "2016.10.25"]
[SourceVersion "1"]
[SourceVersionDate "2016.10.25"]
[SourceQuality "1"]

1. e4 e5 2. Nf3 Nc6 3. Bc4 Bc5 4. c3 Nf6 5. d4 exd4 6. e5 d5 7. Bb5 Ne4 8. cxd4 Bb6 9. Nc3 Bg4 10. Qd3 0-0 11. Bxc6 bxc6 12. 0-0 Bf5 13. Qe2 c5 14. Rd1 c4 15. Nxe4 Bxe4 16. Ne1 f6 17. f3 fxe5 18. fxe4 exd4 19. Kh1 d3 20. Nxd3 cxd3 21. Qxd3 d4 22. b4 Qe7 23. Bb2 Rad8 24. Bxd4 Rxd4 0-1

[Event "Rostock SSC 07 op 15th"]
[Site "Rostock"]
[Date "2016.07.28"]
[Round "3"]
[White "Breitzmann, Sander"]
[Black "Raitza, Egon"]
[Result "1/2-1/2"]
[WhiteElo "1558"]
[BlackElo "1807"]
[PlyCount "132"]
[EventDate "2016.07.27"]
[EventType "swiss"]
[EventRounds "7"]
[EventCountry "GER"]
[SourceTitle "EXT 2017"]
[Source "ChessBase"]
[SourceDate "2016.10.25"]
[SourceVersion "1"]
[SourceVersionDate "2016.10.25"]
[SourceQuality "1"]

1. e4 e6 2. d4 d5 3. Nc3 Bb4 4. exd5 exd5 5. Bd3 c6 6. Nge2 Bg4 7. 0-0 Nf6 8. h3 Bh5 9. a3 Bd6 10. Re1 0-0 11. Be3 Re8 12. Qd2 Ne4 13. Nxe4 dxe4 14. Bc4 Nd7 15. Nf4 Bxf4 16. Bxf4 Nb6 17. Ba2 Nd5 18. Bh2 Qd7 19. Qg5 Bg6 20. c4 Nf6 21. Rad1 Qf5 22. Qxf5 Bxf5 23. d5 cxd5 24. cxd5 Rac8 25. Bb3 Bd7 26. Rc1 Bb5 27. d6 Rxc1 28. Rxc1 Bc6 29. Bf4 Kf8 30. Rc4 Nd7 31. Rd4 h6 32. Ba4 b5 33. Bb3 Nc5 34. Bd5 Bd7 35. b4 Ne6 36. Rxe4 Nxf4 37. Rxf4 f6 38. Kf1 Re5 39. Rd4 Ke8 40. Rd3 Kd8 41. f4 Bf5 42. Rd2 Re3 43. Bc6 Rxa3 44. Bxb5 Re3 45. Rd4 Bd7 46. Bc4 Bc6 47. Kf2 Rc3 48. Be6 Rc2+ 49. Ke3 Bxg2 50. b5 Bf1 51. Ra4 Re2+ 52. Kd4 Rxe6 53. Kd5 Re3 54. Rxa7 Bg2+ 55. Kc5 Rc3+ 56. Kd4 Rxh3 57. Rxg7 Bf1 58. b6 Rd3+ 59. Kc5 Rc3+ 60. Kb4 Rc4+ 61. Kb3 Rc6 62. b7 Rb6+ 63. Ka3 Bc4 64. Rh7 Bb5 65. Rh8+ Be8 66. Rxh6 Rxb7 1/2-1/2

[Event "Rostock SSC 07 op 15th"]
[Site "Rostock"]
[Date "2016.07.27"]
[Round "1"]
[White "Breitzmann, Sander"]
[Black "Schulz, Gerhard1111"]
[Result "1/2-1/2"]
[WhiteElo "1558"]
[BlackElo "1874"]
[PlyCount "47"]
[EventDate "2016.07.27"]
[EventType "swiss"]
[EventRounds "7"]
[EventCountry "GER"]
[SourceTitle "EXT 2017"]
[Source "ChessBase"]
[SourceDate "2016.10.25"]
[SourceVersion "1"]
[SourceVersionDate "2016.10.25"]
[SourceQuality "1"]

1. e4 e6 2. d4 d5 3. Nc3 Bb4 4. exd5 exd5 5. Bd3 Ne7 6. Qf3 0-0 7. Nge2 c6 8. 0-0 Nd7 9. a3 Bd6 10. Bf4 Nf6 11. h3 Ng6 12. Bxd6 Qxd6 13. Ng3 Re8 14. Rfe1 Bd7 15. Bxg6 hxg6 16. Nce2 Re7 17. Nf4 Rae8 18. Rxe7 Rxe7 19. Nd3 Ne4 20. Ne5 Nxg3 21. Qxg3 Bf5 22. c3 Qd8 23. Qf3 f6 24. Ng4 1/2-1/2

[Event "GER-ch U12"]
[Site "Willingen"]
[Date "2016.05.16"]
[Round "3"]
[White "Breitzmann, Sander"]
[Black "Maas, Kolja"]
[Result "1-0"]
[WhiteElo "1703"]
[BlackElo "1432"]
[PlyCount "53"]
[EventDate "2016.05.15"]
[EventType "swiss"]
[EventRounds "11"]
[EventCountry "GER"]
[SourceTitle "CBM 172 Extra"]
[Source "ChessBase"]
[SourceDate "2016.06.21"]
[SourceVersion "1"]
[SourceVersionDate "2016.06.21"]
[SourceQuality "1"]

1. e4 e6 2. d4 d5 3. Nc3 dxe4 4. Nxe4 Qd5 5. Nc3 Bb4 6. a3 Bxc3+ 7. bxc3 Nc6 8. Nf3 Nf6 9. Bd3 h6 10. a4 0-0 11. 0-0 e5 12. c4 Qd8 13. dxe5 Nd7 14. Bb2 Re8 15. Rb1 Ndxe5 16. Nxe5 Nxe5 17. Bxe5 c6 18. c5 Qg5 19. Bd6 Bg4 20. Qc1 Qd5 21. Qf4 Bc8 22. Bc4 Qh5 23. Rfe1 Rd8 24. h3 g5 25. Qf6 Bd7 26. Re7 a6 27. Bxf7+ 1-0

[Event "GER-ch U12"]
[Site "Willingen"]
[Date "2016.05.15"]
[Round "2"]
[White "Yi, Danny"]
[Black "Breitzmann, Sander"]
[Result "1-0"]
[WhiteElo "1851"]
[BlackElo "1703"]
[PlyCount "113"]
[EventDate "2016.05.15"]
[EventType "swiss"]
[EventRounds "11"]
[EventCountry "GER"]
[SourceTitle "CBM 172 Extra"]
[Source "ChessBase"]
[SourceDate "2016.06.21"]
[SourceVersion "1"]
[SourceVersionDate "2016.06.21"]
[SourceQuality "1"]

1. e4 e5 2. Nf3 Nc6 3. Bc4 Bc5 4. d3 Nf6 5. Nc3 d6 6. Bg5 Be6 7. Bb3 h6 8. Bh4 g5 9. Bg3 Qd7 10. Qd2 0-0-0 11. Ba4 Rhg8 12. 0-0-0 Nh5 13. Nd5 f5 14. h3 f4 15. Bh2 Qf7 16. Bb3 Nf6 17. Nxf6 Qxf6 18. Bxe6+ Qxe6 19. c4 h5 20. h4 g4 21. Ng5 Qf6 22. Bg1 Bb4 23. Qe2 Nd4 24. Qf1 f3 25. a3 Ne2+ 26. Kb1 Bc5 27. gxf3 gxf3 28. Qh3+ Kb8 29. Nxf3 Rdf8 30. Ng5 Nxg1 31. Rhxg1 Qxf2 32. Rgf1 Qe2 33. Rde1 Rxf1 34. Qxf1 Qf2 35. Qxf2 Bxf2 36. Rh1 Rf8 37. Rf1 d5 38. d4 dxc4 39. Nh3 exd4 40. Rxf2 Re8 41. Kc2 b5 42. Ng5 a5 43. Rf5 c6 44. a4 b4 45. Rxa5 Rd8 46. Rc5 c3 47. bxc3 dxc3 48. Nf3 Rg8 49. Rg5 Rf8 50. Rf5 Rg8 51. Ng5 Rd8 52. Rf2 c5 53. Ne6 Rd6 54. Nxc5 Rg6 55. Kb3 Rg4 56. Rh2 Rg3 57. Na6+ 1-0